| 000 | 01549cam a2200349 a 4500 | ||
|---|---|---|---|
| 001 | 17434457 | ||
| 005 | 20170105102914.0 | ||
| 008 | 110110s2011 enka b 001 0 eng c | ||
| 010 | _a 2012451969 | ||
| 015 |
_aGBB073616 _2bnb |
||
| 015 |
_aGBB073616 _2dnb |
||
| 016 | 7 |
_a015578882 _2Uk |
|
| 020 | _a9781861897688 (hbk.) | ||
| 020 | _a1861897685 (hbk.) | ||
| 035 | _a(OCoLC)ocn695663286 | ||
| 040 |
_aNLE _beng _cNLE _dCDX _dUAB _dDOS _dVP@ _dOCLCA _dOCLCQ _dAFQ _dUKMGB _dMIX _dVRC _dUKM _dYDXCP _dBWX _dTXA _dDEBBG _dBDX _dDLC |
||
| 042 | _apcc | ||
| 043 | _aa-pk--- | ||
| 050 | 0 | 0 |
_aHV6433.P18 _bG86 2011 |
| 100 | 1 |
_aGunaratna, Rohan, _d1961- |
|
| 245 | 1 | 0 |
_aPakistan : _bterrorism ground zero / _cRohan Gunaratna and Khuram Iqbal. |
| 260 |
_aLondon : _bReaktion Books, _c2011. |
||
| 300 |
_a320 p. : _bill. ; _c22 cm. |
||
| 504 | _aIncludes bibliographical references (p. [313]-314) and index. | ||
| 505 | 0 | _aIntroduction -- Tribal Pakistan : the epicentre of global terrorism -- Understanding the Pakistani Taliban -- Terrorism and Karchi -- Mainland Pakistan terrorist groups -- Instability in the region : the wider effect of militancy in Pakistan -- The suicide terrorist threat in Pakistan -- Is Pakistan the ground zero of terrorism? | |
| 650 | 0 |
_aTerrorists _zPakistan. |
|
| 650 | 0 |
_aTerrorism _zPakistan _xPrevention _xInternational cooperation. |
|
| 700 | 1 | _aIqbal, Khuram. | |
| 906 |
_a7 _bcbc _cpccadap _d2 _encip _f20 _gy-gencatlg |
||
| 942 |
_2ddc _cBK |
||
| 999 |
_c15275 _d15275 |
||